000 00314nam a22001337a 4500
008 170629b xxu||||| |||| 00| 0 eng d
020 _a0820400963
041 _aeng
080 _a82
100 _a22
101 _aGJL
245 _aTHE ROMANTIC HERO AND HIS HEIRS IN FRENCH LITERATURE
_cLANG,P
942 _2udc
_cBK
999 _c19617
_d19617